“地锅鸡”地点数量≥200的地级行政区 Prefectures with ≥200 "Diguoji" sites - Statistics

General Stats
  • This quiz has been taken 36 times
  • The average score is 10 of 17
Answer Stats
地级行政区 数量 % Correct
合肥 865
85%
南京 296
82%
徐州 276
82%
上海 388
79%
杭州 654
73%
苏州 589
70%
无锡 261
70%
郑州 543
67%
宁波 379
61%
临沂 273
55%
阜阳 329
45%
嘉兴 242
45%
绍兴 207
45%
温州 246
42%
台州 212
42%
亳州 280
39%
金华 369
36%
No matching quizzes found
Score Distribution
Percent of People with Each Score
Percentile by Number Answered
Your Score History
You have not taken this quiz